Online
Catalog

Orientaciones y tendencias de la novela venezolana / (Record no. 18441)

MARC details
000 -CABECERA
campo de control de longitud fija 00898cam a2200265 a 4500
001 - NÚMERO DE CONTROL
campo de control 000018923
003 - IDENTIFICADOR DEL NÚMERO DE CONTROL
campo de control DO-SdBNP
005 - FECHA Y HORA DE LA ÚLTIMA TRANSACCIÓN
campo de control 20251028134254.0
008 - DATOS DE LONGITUD FIJA--INFORMACIÓN GENERAL
campo de control de longitud fija 911122s1949 ve b 001 0 spa d
040 ## - FUENTE DE LA CATALOGACIÓN
Centro catalogador/agencia de origen DO-SdBNP
Centro/agencia transcriptor DLC
Centro/agencia modificador DLC
-- BNPHU
043 ## - CÓDIGO DE ÁREA GEOGRÁFICA
Código de área geográfica s-ve---
049 ## - FONDOS LOCALES (OCLC)
Fondos de biblioteca BNGR
082 #4 - NÚMERO DE LA CLASIFICACIÓN DECIMAL DEWEY
Número de clasificación V
Número de documento/Ítem D542o
100 1# - ENTRADA PRINCIPAL--NOMBRE DE PERSONA
Nombre de persona Díaz Seijas, Pedro,
9 (RLIN) 20677
245 10 - MENCIÓN DE TÍTULO
Título Orientaciones y tendencias de la novela venezolana /
Mención de responsabilidad, etc. Pedro Díaz Seijas.
260 ## - PUBLICACIÓN, DISTRIBUCIÓN, ETC.
Lugar de publicación, distribución, etc. Caracas :
Nombre del editor, distribuidor, etc. Asociación de Escritores Venezolanos,
Fecha de publicación, distribución, etc. 1949.
300 ## - DESCRIPCIÓN FÍSICA
Extensión 63 p. ;
Dimensiones 16 cm.
490 1# - MENCIÓN DE SERIE
Mención de serie Cuadernos literarios de la "Asociación de Escritores Venezolanos"
Designación de volumen o secuencia 61
500 ## - NOTA GENERAL
Nota general Incluye índice
504 ## - NOTA DE BIBLIOGRAFÍA, ETC.
Nota de bibliografía, etc. Bibliografía: (p. 50-55)
650 ## - PUNTO DE ACCESO ADICIONAL DE MATERIA--TÉRMINO DE MATERIA
Término de materia o nombre geográfico como elemento de entrada Novela Venezolana
9 (RLIN) 3962
830 #0 - PUNTO DE ACCESO ADICIONAL DE SERIE-TÍTULO UNIFORME
Título uniforme Cuadernos literarios de la "Asociación de Escritores Venezolanos" ;
Designación de volumen o secuencia 61
9 (RLIN) 6734
910 ## - DATOS DE OPCIÓN DEL USUARIO (OCLC)
Datos de opción del usuario Catalogación derivada / LC
942 ## - ELEMENTOS DE PUNTO DE ACCESO ADICIONAL (KOHA)
Fuente del sistema de clasificación o colocación Dewey Decimal Classification
Tipo de ítem Koha Libro
Holdings
Estado de retiro Estado de pérdida Restricciones de uso No para préstamo Código de colección Localización permanente Ubicación/localización actual Ubicación en estantería Fecha de adquisición Número de inventario Total de préstamos Signatura topográfica completa Código de barras Fecha visto por última vez Precio válido a partir de Tipo de ítem Koha
        Monografías: Libros y Folletos General General En catalogación 20.05.2010 LF1   nnnn D542o 18923-10 25.06.2020 25.06.2020 Préstamo en sala

Powered by Koha